The XV bookes of P. Ouidius Naso, entytuled Metamorphosis / (Record no. 19531)
[ view plain ]
| 000 -LEADER | |
|---|---|
| fixed length control field | 01616cam a2200385 a 4500 |
| 001 - CONTROL NUMBER | |
| control field | 19531 |
| 003 - CONTROL NUMBER IDENTIFIER | |
| rucl marc code | BD-RjUL |
| 005 - DATE AND TIME OF LATEST TRANSACTION | |
| control field | 20211209000439.0 |
| 008 - FIXED-LENGTH DATA ELEMENTS--GENERAL INFORMATION | |
| fixed length control field | 140224s1567 enk 000 0 eng d |
| 035 ## - SYSTEM CONTROL NUMBER | |
| System control number | BD-RjUL)19591 |
| System control number | (CStRLIN)PAUG93-B4305 |
| 040 ## - CATALOGING SOURCE | |
| Original cataloging agency | CStRLIN |
| Description conventions | dcrb |
| Transcribing agency | IEN |
| Modifying agency | IEN |
| -- | CStRLIN |
| -- | PU |
| -- | DLC |
| -- | DLC |
| -- | BD-RjUL |
| Language of cataloging | eng |
| 041 1# - LANGUAGE CODE | |
| Language code of text/sound track or separate title | eng |
| Language code of original | lat |
| 082 04 - DEWEY DECIMAL CLASSIFICATION NUMBER | |
| Classification number | 822.33 |
| Author mark and year | OVX 1961 |
| 100 0# - MAIN ENTRY--PERSONAL NAME | |
| Personal name | Ovid, |
| Dates associated with a name | 43 B.C.-17 A.D. or 18 A.D. |
| 9 (RLIN) | 59998 |
| 245 14 - TITLE STATEMENT | |
| Title | The XV bookes of P. Ouidius Naso, entytuled Metamorphosis / |
| Statement of responsibility, etc. | translated oute of Latin into English meeter by Arthur Golding, Gentleman ; a worke very pleasaunt and delectable. |
| 246 3# - VARYING FORM OF TITLE | |
| Title proper/short title | 15 bookes of P. Ouidius Naso, entytuled Metamorphosis |
| Title proper/short title | Fifteen bookes of P. Ouidius Naso, entytuled Metamorphosis |
| Title proper/short title | XV books of P. Ovidius Naso, entitled Metamorphosis |
| 260 ## - PUBLICATION, DISTRIBUTION, ETC. (IMPRINT) | |
| Place of publication, distribution, etc. | Imprynted at London : |
| -- | London : |
| Name of publisher, distributor, etc. | Centaur press , |
| Date of publication, distribution, etc. | 1567. |
| -- | 1961 |
| 300 ## - PHYSICAL DESCRIPTION | |
| Pagination | vi,321p. ; |
| Size | 21 cm. (4to) |
| 500 ## - GENERAL NOTE | |
| General note | Signatures: a-b⁴ A⁴ B-Y⁸ 2A-2D⁸. |
| General note | Title vignette (badge of Robert Dudley, Earl of Leicester, to whom the book is dedicated) |
| General note | Numerous errors in foliation. |
| 510 4# - CITATION/REFERENCES NOTE | |
| Name of source | STC (2nd ed.) |
| Location within source | 18956 |
| 650 #0 - SUBJECT ADDED ENTRY--TOPICAL TERM | |
| Topical term or geographic name as entry element | English literature -- Early modern |
| 9 (RLIN) | 59999 |
| 700 1# - ADDED ENTRY--PERSONAL NAME | |
| Personal name | Golding, Arthur, |
| Dates associated with a name | 1536-1606. |
| Personal name | Seres, William, |
| Dates associated with a name | -approximately 1579, |
| Relator term | printer. |
| 710 2# - ADDED ENTRY--CORPORATE NAME | |
| Corporate name or jurisdiction name as entry element | English Printing Collection (Library of Congress) |
| Institution to which field applies | DLC |
| 9 (RLIN) | 60002 |
| 752 ## - ADDED ENTRY--HIERARCHICAL PLACE NAME | |
| Country or larger entity | England |
| City | London |
| 942 ## - ADDED ENTRY ELEMENTS (KOHA) | |
| Source of classification or shelving scheme | Dewey Decimal Classification |
| Koha item type | Books |
| Lost status | Source of classification or shelving scheme | Damaged status | Not for loan | Collection code | Permanent Location | Current Location | Shelving location | Date acquired | Source of acquisition | Cost, normal purchase price | Total Checkouts | Full call number | Date last seen | Copy number | Koha item type |
|---|---|---|---|---|---|---|---|---|---|---|---|---|---|---|---|
| Dewey Decimal Classification | Not For Loan | Non-fiction | Central Library, University of Rajshahi | Central Library, University of Rajshahi | Reading Room | 10/04/1964 | Zeithlinger. | 105.00 | 822.33 OVX 1961 | 24/02/2014 | C-1 | Books | |||
| Dewey Decimal Classification | Non-fiction | Central Library, University of Rajshahi | Central Library, University of Rajshahi | 10/04/1964 | Zeithlinger. | 105.00 | 822.33 OVX 1961 | 25/02/2014 | C-2 | Books |